000 00518nam a2200169Ia 4500
999 _c7461
_d7461
003 OSt
005 20200109144715.0
008 190216s9999||||xx |||||||||||||| ||und||
040 _coclc
082 _a658
_bVEN/B
100 1 _aVenugopalan, K.
_9874
245 0 _aBusiness Management /
_cK Venugopalan ; Abdul Assis Koroth
260 _bCalicut University Central Co-Operative,
_aCalicut University:
_c2009.
300 _a436p
650 _xManagement
942 _cBK
_2ddc
_h658
_iVEN/B
_k658
_mVEN/B